RICS UK commercial market survey (Record no. 115593)

MARC details
000 -LEADER
fixed length control field 00923cad a22002055a 4500
001 - CONTROL NUMBER
control field L158932
008 - FIXED-LENGTH DATA ELEMENTS--GENERAL INFORMATION
fixed length control field 120731s2012 xxkad f s 000 0 eng d
035 ## - SYSTEM CONTROL NUMBER
System control number (Sirsi) u158932
041 0# - LANGUAGE CODE
Language code of text/sound track or separate title eng
110 2# - MAIN ENTRY--CORPORATE NAME
Corporate name or jurisdiction name as entry element Royal Institution of Chartered Surveyors
Subordinate unit Economics
9 (RLIN) 5033
245 00 - TITLE STATEMENT
Title RICS UK commercial market survey
Remainder of title Q2 2012
Medium [electronic resource]
260 ## - PUBLICATION, DISTRIBUTION, ETC.
Place of publication, distribution, etc. London
Name of publisher, distributor, etc. RICS
Date of publication, distribution, etc. 2012
490 #0 - SERIES STATEMENT
Series statement RICS Commercial Market Survey United Kingdom
Volume/sequential designation Q2 2012
520 ## - SUMMARY, ETC.
Summary, etc. Weaker demand keeps rents under pressure. Occupier demand falls back modestly, while available space continues to rise. Rent expectations continue to decline although central London offices remain a notable exception. Demand from investors is largely unchanged, but capital value expectations weaken further.
590 ## - LOCAL NOTE (RLIN)
Local note KA
650 24 - SUBJECT ADDED ENTRY--TOPICAL TERM
Topical term or geographic name entry element RICS COMMERCIAL MARKET SURVEY
651 #4 - SUBJECT ADDED ENTRY--GEOGRAPHIC NAME
Geographic name United Kingdom
690 ## - LOCAL SUBJECT ADDED ENTRY--TOPICAL TERM (OCLC, RLIN)
Topical term or geographic name as entry element Commercial property
9 (RLIN) 6227
942 ## - ADDED ENTRY ELEMENTS (KOHA)
Suppress in OPAC 0
Holdings
Withdrawn status Lost status Source of classification or shelving scheme Damaged status Not for loan Home library Current library Shelving location Date acquired Total Checkouts Full call number Barcode Date last seen Copy number Price effective from Koha item type
    Dewey Decimal Classification     London London Gallery 14/10/2015   JOURNAL 158932-3001 06/08/2019   06/08/2019 Journal
    Dewey Decimal Classification     Virtual Virtual Online 14/10/2015   ONLINE PUBLICATION 158932-2001 06/08/2019 1 06/08/2019 Book